[Event "SVK-ch I/127 corr"]
[Site "Slovakia"]
[Date "1998.??.??"]
[Round "?"]
[White "Hudec, Dusan"]
[Black "Macko, Ladislav"]
[Result "1-0"]
[WhiteElo "1697"]
[BlackElo "1700"]
[PlyCount "79"]
[EventDate "1998.01.31"]
[EventType "tourn (corr)"]
[EventRounds "12"]
[EventCountry "SVK"]
[SourceTitle "Corr 2008"]
[Source "ChessBase"]
[SourceDate "2008.06.24"]
[SourceVersion "1"]
[SourceVersionDate "2008.06.24"]
[SourceQuality "1"]

1. e4 c5 2. Nf3 e6 3. d4 cxd4 4. Nxd4 Nc6 5. Nc3 d6 6. Bc4 a6 7. Be3 Be7 8. Qe2 Nf6 9. 0-0-0 0-0 10. Bb3 Na5 11. f4 Nxb3+ 12. Nxb3 Qc7 13. g4 d5 14. exd5 Nxd5 15. Nxd5 exd5 16. Rhg1 b5 17. Rxd5 Be6 18. Rd2 Rad8 19. h3 Bc4 20. Qf2 Rxd2 21. Bxd2 b4 22. Be3 Rc8 23. Bb6 Qb8 24. Kb1 Bxb3 25. axb3 Bd8 26. Bxd8 Rxd8 27. Re1 Qd6 28. g5 g6 29. f5 gxf5 30. Qxf5 Qg6 31. Qg4 Qd6 32. h4 a5 33. h5 Qd7 34. Qh4 Qd4 35. Re8+ Kg7 36. h6+ Kg6 37. Rg8+ Kf5 38. Qh3+ Ke5 39. Qh2+ Kf5 40. Rg7 1-0